00861cam a22002291 45000010005000000030008000050050017000130080039000300350018000690350018000870400043001050410014001480820020001621100058001822450163002402600035004033000024004385000049004625040041005116500055005527000024006076040BD-RjUL20211208234155.0140108s1968 enk b 100 0 eng a(BD-RjUL)6079 a(OCoLC)353054 aDLCcOAUdOCoLCdUkdDLCdBD-RjULbeng0 aengfreger00a410.7bINM 19682 aInternational Federation of Modern Language Teachers.10aModern language teaching :bpapers from the ninth Congress of the Fédération Internationale des Professeurs de Langues Vivantes /cedited by Hans Jalling. aLondon :bOxford U.P.,cc1968. ax, 109 p. ;c22 cm. aIncludes a French and a German contribution. aIncludes bibliographical references. 0aLanguages, ModernxStudy and teachingvCongresses.1 aJalling, Hans,eed.